00339nam a2200133Ia 4500008004100000020001500041041001200056082001500068100001300083245006400096260002900160300000800189650000800197221030s9999 xx 000 0 und d a8170299705 aEnglish a105.23bLo aM. Lotia 0aModern Japanese Transistor Data & substitutioncby M. Lotia bBPB PubaNew Delhic2002 a442 aECE